Die Größten Städte Deutschlands: Buchstabe H - Statistiken

Allgemein
  • Dieses Quiz wurde 932 mal gespielt
  • Das Durchschnittsergebnis liegt bei 9 aus 15
Antwortstatistiken
Einwohner Stadt % Korrekt
1.787.408 Hamburg
100%
532.163 Hannover
96%
156.267 Heidelberg
78%
179.397 Hamm
77%
101.667 Hildesheim
72%
236.991 Halle
70%
189.044 Hagen
68%
155.851 Herne
68%
122.567 Heilbronn
62%
92.643 Hanau
51%
56.529 Hameln
42%
66.521 Herford
32%
55.185 Hilden
22%
59.496 Hürth
20%
61.163 Herten
17%
Keine übereinstimmenden Quizze gefunden
Verteilung der Resultate
Anzahl Personen mit jedem Resultat
Perzentil nach korrekt beantworteten Fragen
Ihre Resultats-Entwicklung
Sie haben dieses Quiz noch nicht gespielt